[Event "79.ch-ITA"]
[Site "Padova ITA"]
[Date "2019.11.25"]
[Round "2.6"]
[White "Bellia, Fabrizio"]
[Black "Stella, A."]
[Result "1/2-1/2"]
[WhiteElo "2433"]
[BlackElo "2475"]
[Annotator "Gabriele Ballarin"]
[PlyCount "70"]
[EventDate "2019.11.24"]
[EventType "tourn"]
[EventRounds "11"]
[EventCountry "ITA"]
[EventCategory "9"]
[SourceTitle "The Week in Chess 1307"]
[Source "Mark Crowther"]
[SourceDate "2019.11.25"]
[SourceVersion "1"]
[SourceVersionDate "2019.11.25"]
[SourceQuality "2"]

1. e4 c5 2. Nf3 e6 3. d4 cxd4 4. Nxd4 Nf6 5. Nc3 Nc6 6. Nxc6 bxc6 7. e5 Nd5 8. Ne4 Qc7 9. f4 Qb6 10. c4 Bb4+ 11. Ke2 f5 12. exf6 Nxf6 13. Nxf6+ gxf6 14. Be3 Bc5 15. Bxc5 Qxc5 16. Kf3 Bb7 17. b4 Qh5+ 18. Kf2 Qxd1 19. Rxd1 c5 20. bxc5 Ke7 21. Bd3 Rac8 22. Rb1 Ba6 23. Rb4 Rxc5 24. Ra4 Rc6 25. Rb1 Rhc8 26. Rbb4 f5 27. Be2 R8c7 28. a3 Bc8 29. Rb3 d6 30. Rb8 Kf6 31. Ra8 Ba6 32. Bf3 Rb6 33. Be2 Rbc6 34. Bf3 Rb6 35. Be2 Rbc6 1/2-1/2

[Event "79.ch-ITA"]
[Site "Padova ITA"]
[Date "2019.11.26"]
[Round "3.1"]
[White "Stella, A."]
[Black "Brunello, Sabino"]
[Result "1/2-1/2"]
[WhiteElo "2475"]
[BlackElo "2549"]
[Annotator "Gabriele Ballarin"]
[PlyCount "48"]
[EventDate "2019.11.24"]
[EventType "tourn"]
[EventRounds "11"]
[EventCountry "ITA"]
[EventCategory "9"]
[SourceTitle "The Week in Chess 1308"]
[Source "Mark Crowther"]
[SourceDate "2019.12.02"]
[SourceVersion "1"]
[SourceVersionDate "2019.12.02"]
[SourceQuality "2"]

1. d4 Nf6 2. c4 e6 3. Nf3 d5 4. Nc3 Nbd7 5. Bg5 h6 6. Bh4 Be7 7. e3 O-O 8. Rc1 dxc4 9. Bxc4 a6 10. a4 c5 11. O-O cxd4 12. exd4 Nb6 13. Bb3 Bd7 14. a5 Nc8 15. d5 Nxd5 16. Nxd5 exd5 17. Qxd5 Bb5 18. Qxd8 Rxd8 19. Rfe1 Bxh4 20. Nxh4 Rd2 21. Bc2 Nd6 22. Nf3 Rd5 23. Bb3 Rd3 24. Bc2 Rd5 1/2-1/2

[Event "79.ch-ITA"]
[Site "Padova ITA"]
[Date "2019.11.26"]
[Round "3.2"]
[White "Brunello, Marina"]
[Black "Bellia, Fabrizio"]
[Result "0-1"]
[WhiteElo "2378"]
[BlackElo "2433"]
[Annotator "Gabriele Ballarin"]
[PlyCount "104"]
[EventDate "2019.11.24"]
[EventType "tourn"]
[EventRounds "11"]
[EventCountry "ITA"]
[EventCategory "9"]
[SourceTitle "The Week in Chess 1308"]
[Source "Mark Crowther"]
[SourceDate "2019.12.02"]
[SourceVersion "1"]
[SourceVersionDate "2019.12.02"]
[SourceQuality "2"]

1. e4 e5 2. Nf3 Nc6 3. Bb5 a6 4. Ba4 Nf6 5. d3 b5 6. Bb3 Be7 7. O-O d6 8. a4 Bd7 9. c3 O-O 10. Re1 Na5 11. Bc2 c5 12. Nbd2 Qc7 13. Nf1 h6 14. axb5 axb5 15. Ng3 Nc6 16. Rxa8 Rxa8 17. h3 Ra1 18. Qe2 b4 19. Be3 Qa5 20. Qd2 bxc3 21. bxc3 Ra3 22. Ne2 Ra2 23. Qc1 Be6 24. Bb1 Ra3 25. d4 Bc4 26. d5 Na7 27. Bd2 Ra1 28. Qb2 Nb5 29. Ng3 g6 30. Nf1 Qa3 31. Qc2 Bb3 32. Qd3 c4 33. Qe3 Qa5 34. Bd3 Rxe1 35. Qxe1 cxd3 36. c4 Qa4 37. cxb5 Nxe4 38. Bxh6 Bxd5 39. b6 Qb5 40. Ne3 Bb7 41. Qd1 Kh7 42. Qc1 Qxb6 43. Qc4 d5 44. Nxd5 Qxf2+ 45. Kh1 Ng3+ 46. Kh2 Nf1+ 47. Kh1 Kxh6 48. Nxe5 Bxd5 49. Qxd5 Kg7 50. Qxd3 Ne3 51. Qe4 Qe1+ 52. Kh2 Nf1+ 0-1

[Event "79.ch-ITA"]
[Site "Padova ITA"]
[Date "2019.11.26"]
[Round "3.3"]
[White "David, Alberto"]
[Black "Barp, Alberto"]
[Result "1/2-1/2"]
[WhiteElo "2542"]
[BlackElo "2382"]
[Annotator "Gabriele Ballarin"]
[PlyCount "46"]
[EventDate "2019.11.24"]
[EventType "tourn"]
[EventRounds "11"]
[EventCountry "ITA"]
[EventCategory "9"]
[SourceTitle "The Week in Chess 1308"]
[Source "Mark Crowther"]
[SourceDate "2019.12.02"]
[SourceVersion "1"]
[SourceVersionDate "2019.12.02"]
[SourceQuality "2"]

1. d4 d5 2. c4 e6 3. Nc3 Bb4 4. e3 Nf6 5. a3 Bxc3+ 6. bxc3 c6 7. Nf3 O-O 8. Be2 b6 9. Nd2 Ba6 10. O-O Nbd7 11. cxd5 Bxe2 12. Qxe2 cxd5 13. c4 Qc8 14. Bb2 Qa6 15. Rfc1 Rac8 16. a4 Rc6 17. Qf1 Rfc8 18. cxd5 Qxf1+ 19. Kxf1 Nxd5 20. Ke2 Rxc1 21. Bxc1 Nb8 22. Bb2 Rc2 23. Rb1 Kf8 1/2-1/2

[Event "79.ch-ITA"]
[Site "Padova ITA"]
[Date "2019.11.26"]
[Round "3.4"]
[White "Lodici, Lorenzo"]
[Black "Di Benedetto, Edoardo"]
[Result "1-0"]
[WhiteElo "2459"]
[BlackElo "2396"]
[Annotator "Gabriele Ballarin"]
[PlyCount "71"]
[EventDate "2019.11.24"]
[EventType "tourn"]
[EventRounds "11"]
[EventCountry "ITA"]
[EventCategory "9"]
[SourceTitle "The Week in Chess 1308"]
[Source "Mark Crowther"]
[SourceDate "2019.12.02"]
[SourceVersion "1"]
[SourceVersionDate "2019.12.02"]
[SourceQuality "2"]

1. d4 d5 2. c4 e6 3. Nc3 Be7 4. Nf3 Nf6 5. g3 O-O 6. Bg2 dxc4 7. Ne5 Nc6 8. Bxc6 bxc6 9. Nxc6 Qe8 10. Nxe7+ Qxe7 11. Qa4 e5 12. dxe5 Qxe5 13. Qxc4 Bb7 14. Bf4 Qh5 15. f3 Rad8 16. O-O Qh3 17. Bg5 Qf5 18. Bxf6 Qxf6 19. Qxc7 Qd4+ 20. Rf2 Qb4 21. e4 Rd3 22. Re1 Rc8 23. Qe5 a6 24. Ree2 Rcd8 25. Kg2 h6 26. h4 Bc6 27. Qc7 R3d6 28. e5 R8d7 29. exd6 Rxc7 30. dxc7 Qb7 31. Nd5 Bd7 32. Rc2 Qxd5 33. Rfd2 Qf5 34. g4 Qg6 35. h5 Qh7 36. c8=Q+ 1-0

[Event "79.ch-ITA"]
[Site "Padova ITA"]
[Date "2019.11.26"]
[Round "3.6"]
[White "Gilevych, Artem"]
[Black "Valsecchi, Alessio"]
[Result "1/2-1/2"]
[WhiteElo "2437"]
[BlackElo "2504"]
[Annotator "Gabriele Ballarin"]
[PlyCount "111"]
[EventDate "2019.11.24"]
[EventType "tourn"]
[EventRounds "11"]
[EventCountry "ITA"]
[EventCategory "9"]
[SourceTitle "The Week in Chess 1308"]
[Source "Mark Crowther"]
[SourceDate "2019.12.02"]
[SourceVersion "1"]
[SourceVersionDate "2019.12.02"]
[SourceQuality "2"]

1. d4 d5 2. Nc3 g6 3. Bf4 Bg7 4. e3 c6 5. h4 h5 6. Nf3 Bg4 7. Qd2 Nd7 8. Ne5 Nxe5 9. dxe5 Nh6 10. f3 Be6 11. O-O-O Qc7 12. e4 dxe4 13. Nxe4 Bxe5 14. Bxe5 Qxe5 15. Ng5 Nf5 16. Re1 Qd5 17. Nxe6 fxe6 18. Qc3 O-O-O 19. Bc4 Qd6 20. Rxe6 Qf4+ 21. Kb1 Qd4 22. Bd3 Nxh4 23. Qe1 Nf5 24. Rxg6 Nd6 25. Qxe7 Rhe8 26. Qg7 Re5 27. a3 c5 28. Rd1 Rd7 29. Qh8+ Kc7 30. Be2 Qe3 31. Bf1 c4 32. Qh6 Qxh6 33. Rxh6 b5 34. g3 Nf7 35. Rxd7+ Kxd7 36. Bh3+ Ke7 37. Ra6 Ng5 38. Rxa7+ Kd6 39. Bc8 Nxf3 40. Rd7+ Kc6 41. Rd1 Rg5 42. Bd7+ Kc5 43. Be8 Re5 44. Bf7 Rf5 45. b4+ cxb3 46. Bxb3 Nd4 47. Rd3 Re5 48. Bf7 Ne2 49. Rb3 Rg5 50. Be8 Kd6 51. Rd3+ Kc7 52. Ka1 Rxg3 53. Bxh5 Rxd3 54. cxd3 Nf4 55. Be8 b4 56. axb4 1/2-1/2

[Event "79.ch-ITA"]
[Site "Padova ITA"]
[Date "2019.11.27"]
[Round "4.1"]
[White "Brunello, Sabino"]
[Black "Valsecchi, Alessio"]
[Result "1/2-1/2"]
[WhiteElo "2549"]
[BlackElo "2504"]
[Annotator "Gabriele Ballarin"]
[PlyCount "61"]
[EventDate "2019.11.24"]
[EventType "tourn"]
[EventRounds "11"]
[EventCountry "ITA"]
[EventCategory "9"]
[SourceTitle "The Week in Chess 1308"]
[Source "Mark Crowther"]
[SourceDate "2019.12.02"]
[SourceVersion "1"]
[SourceVersionDate "2019.12.02"]
[SourceQuality "2"]

1. c4 e6 2. d4 Nf6 3. Nf3 d5 4. Nc3 c6 5. e3 Nbd7 6. Qc2 Bd6 7. b3 b6 8. Be2 Bb7 9. O-O O-O 10. Bb2 Qe7 11. Rad1 Rad8 12. Rfe1 c5 13. cxd5 exd5 14. g3 Rfe8 15. Bf1 a6 16. Bg2 g6 17. Ba1 Rc8 18. dxc5 Bxc5 19. Qd3 b5 20. Ne2 Bb4 21. Rf1 Nc5 22. Qb1 Nce4 23. Bd4 Bc5 24. Qb2 Bxd4 25. Nfxd4 b4 26. h3 a5 27. Ra1 Ba6 28. a3 Bd3 29. axb4 axb4 30. Rad1 Ba6 31. Ra1 1/2-1/2

[Event "79.ch-ITA"]
[Site "Padova ITA"]
[Date "2019.11.27"]
[Round "4.2"]
[White "Moroni, Luca Jr"]
[Black "Gilevych, Artem"]
[Result "1/2-1/2"]
[WhiteElo "2541"]
[BlackElo "2437"]
[Annotator "Gabriele Ballarin"]
[PlyCount "233"]
[EventDate "2019.11.24"]
[EventType "tourn"]
[EventRounds "11"]
[EventCountry "ITA"]
[EventCategory "9"]
[SourceTitle "The Week in Chess 1308"]
[Source "Mark Crowther"]
[SourceDate "2019.12.02"]
[SourceVersion "1"]
[SourceVersionDate "2019.12.02"]
[SourceQuality "2"]

1. e4 c5 2. Nf3 Nc6 3. d4 cxd4 4. Nxd4 Qc7 5. Be3 e6 6. c4 Nf6 7. Nc3 b6 8. Rc1 Bb7 9. f3 a6 10. Nb3 Ne5 11. Qd2 d6 12. Be2 Be7 13. O-O O-O 14. Rfd1 Rac8 15. Na4 Ned7 16. Nd4 Qb8 17. b4 Bd8 18. Nb3 Bc7 19. Bf4 Ne5 20. Bxe5 dxe5 21. c5 Bc6 22. Nb2 b5 23. Qc3 Rfd8 24. Ra1 Rxd1+ 25. Bxd1 Nd7 26. Be2 Qb7 27. Qe1 Rd8 28. a3 h6 29. Bf1 Kf8 30. Qc3 Kg8 31. Be2 f6 32. Bd1 Kf7 33. Qe1 Nb8 34. Be2 Nd7 35. Qc3 Ke7 36. Bf1 Kf7 37. Qe1 Kf8 38. Be2 Kg8 39. Bd1 Nb8 40. Be2 Nd7 41. Rd1 Nb8 42. Rxd8+ Bxd8 43. Qd1 Qd7 44. Qxd7 Bxd7 45. Nd1 Nc6 46. Nc3 Kf7 47. Nc1 Nd4 48. Bd1 Bc7 49. Kf2 g6 50. Ke3 h5 51. Nd3 Ke7 52. Ne2 Nc6 53. Bb3 Be8 54. h3 Bd7 55. Nc3 Nd4 56. Bd1 g5 57. Ne2 Nc6 58. Nc3 Nd4 59. Ne1 Nc6 60. Bb3 Nd4 61. Bd1 Nc6 62. Nc2 Na7 63. Be2 Nc6 64. Bf1 Nb8 65. Kd2 Kd8 66. Kc1 Kc8 67. Kb2 Kb7 68. a4 bxa4 69. Ka3 Nc6 70. Nxa4 Nd4 71. Nxd4 exd4 72. Nb2 Bf4 73. Kb3 Bb5 74. Bc4 e5 75. Nd3 Bd2 76. Nb2 Be1 77. Na4 Kc6 78. Bd5+ Kc7 79. Bc4 Kc6 80. Nb6 a5 81. bxa5 Bxa5 82. Nd5 d3 83. Bxb5+ Kxb5 84. c6 Kxc6 85. Nxf6 Kc5 86. Nd5 Kd4 87. Kb2 Bd2 88. Kb3 g4 89. hxg4 hxg4 90. Kb2 g3 91. Kb1 Bh6 92. Kb2 Bg5 93. Kb1 Kc4 94. Kb2 Kd4 95. Kb1 Kc4 96. Kb2 Bd2 97. Nb6+ Kd4 98. Nd5 Be3 99. Ne7 Kc4 100. Nf5 Bc5 101. Nxg3 Be3 102. Nf5 Bg5 103. Nd6+ Kd4 104. Nf5+ Kc4 105. g3 Bd2 106. Ng7 Kd4 107. Nf5+ Kc4 108. g4 Bf4 109. Ng7 Kd4 110. Nf5+ Kc4 111. Ne7 Kd4 112. Nd5 Bd2 113. Kb1 Bg5 114. Kb2 Bd2 115. Kb1 Bg5 116. Kb2 Bd2 117. Kb1 1/2-1/2

[Event "79.ch-ITA"]
[Site "Padova ITA"]
[Date "2019.11.27"]
[Round "4.3"]
[White "Di Benedetto, Edoardo"]
[Black "Basso, Pier Luigi"]
[Result "1/2-1/2"]
[WhiteElo "2396"]
[BlackElo "2563"]
[Annotator "Gabriele Ballarin"]
[PlyCount "74"]
[EventDate "2019.11.24"]
[EventType "tourn"]
[EventRounds "11"]
[EventCountry "ITA"]
[EventCategory "9"]
[SourceTitle "The Week in Chess 1308"]
[Source "Mark Crowther"]
[SourceDate "2019.12.02"]
[SourceVersion "1"]
[SourceVersionDate "2019.12.02"]
[SourceQuality "2"]

1. d4 Nf6 2. c4 c5 3. d5 g6 4. Nc3 Bg7 5. e4 d6 6. Nf3 O-O 7. Bd3 e6 8. O-O Na6 9. h3 Nc7 10. dxe6 Nxe6 11. Be3 b6 12. Qd2 Bb7 13. Rad1 Nd7 14. Bb1 Ne5 15. Nxe5 dxe5 16. Qxd8 Rfxd8 17. Rxd8+ Rxd8 18. Nd5 Bxd5 19. cxd5 Nc7 20. Rc1 Nb5 21. Bd3 Nd6 22. b3 h5 23. f3 Rc8 24. Kf1 Kh7 25. Bf2 Bh6 26. Rc2 Kg7 27. Ke2 f5 28. Ba6 Rf8 29. b4 cxb4 30. Be1 fxe4 31. Bxb4 exf3+ 32. gxf3 Rd8 33. Rc7+ Kf6 34. Rxa7 Nf5 35. Rb7 Be3 36. Bc4 Bd4 37. Rc7 Kg5 1/2-1/2

[Event "79.ch-ITA"]
[Site "Padova ITA"]
[Date "2019.11.27"]
[Round "4.4"]
[White "Barp, Alberto"]
[Black "Lodici, Lorenzo"]
[Result "0-1"]
[WhiteElo "2382"]
[BlackElo "2459"]
[Annotator "Gabriele Ballarin"]
[PlyCount "108"]
[EventDate "2019.11.24"]
[EventType "tourn"]
[EventRounds "11"]
[EventCountry "ITA"]
[EventCategory "9"]
[SourceTitle "The Week in Chess 1308"]
[Source "Mark Crowther"]
[SourceDate "2019.12.02"]
[SourceVersion "1"]
[SourceVersionDate "2019.12.02"]
[SourceQuality "2"]

1. d4 Nf6 2. c4 b6 3. Nc3 Bb7 4. Qc2 d5 5. cxd5 Nxd5 6. e4 Nxc3 7. bxc3 g6 8. Nf3 Bg7 9. h4 h6 10. Bc4 e6 11. Be3 Nd7 12. Rd1 Nf6 13. Bb5+ c6 14. Bd3 Ng4 15. e5 Qc7 16. h5 g5 17. Nd2 c5 18. Ne4 O-O 19. Qe2 Nxe3 20. Qxe3 cxd4 21. cxd4 f5 22. exf6 Bxf6 23. Nxf6+ Rxf6 24. O-O Raf8 25. Rc1 Qf4 26. Qxf4 Rxf4 27. Bc4 Kf7 28. Rfe1 Re4 29. Rxe4 Bxe4 30. Re1 Bf5 31. f3 g4 32. Kf2 gxf3 33. Kxf3 Ke7 34. Bb3 Bc2+ 35. Ke3 Bxb3 36. axb3 Rf5 37. g4 Rb5 38. Kf4 Kf6 39. Re3 Rb4 40. Ke4 e5 41. Rf3+ Ke6 42. Rd3 Rxd4+ 43. Rxd4 exd4 44. Kxd4 Kf6 45. Kc4 Kg5 46. Kb5 Kxg4 47. Ka6 Kxh5 48. Kxa7 Kg5 49. Kxb6 h5 50. b4 h4 51. b5 h3 52. Kc7 h2 53. b6 h1=Q 54. b7 Qh7+ 0-1

[Event "79.ch-ITA"]
[Site "Padova ITA"]
[Date "2019.11.27"]
[Round "4.5"]
[White "Bellia, Fabrizio"]
[Black "David, Alberto"]
[Result "1/2-1/2"]
[WhiteElo "2433"]
[BlackElo "2542"]
[Annotator "Gabriele Ballarin"]
[PlyCount "224"]
[EventDate "2019.11.24"]
[EventType "tourn"]
[EventRounds "11"]
[EventCountry "ITA"]
[EventCategory "9"]
[SourceTitle "The Week in Chess 1308"]
[Source "Mark Crowther"]
[SourceDate "2019.12.02"]
[SourceVersion "1"]
[SourceVersionDate "2019.12.02"]
[SourceQuality "2"]

1. d4 Nf6 2. c4 g6 3. Nc3 d5 4. cxd5 Nxd5 5. Nf3 Bg7 6. g3 Nb6 7. Bg2 Nc6 8. e3 O-O 9. O-O Re8 10. Nh4 a5 11. f4 a4 12. Nf3 Be6 13. Ne5 Nxe5 14. fxe5 Qc8 15. Ne4 Bd5 16. Bd2 Bxe4 17. Bxe4 c6 18. Qc2 Qe6 19. Bd3 Red8 20. Rad1 Bh6 21. Rf3 Qxa2 22. Rdf1 Rf8 23. Qc5 Nd5 24. Bc1 b6 25. Qxc6 Rac8 26. Qb5 Rxc1 27. Rxc1 Bxe3+ 28. Rxe3 Nxe3 29. Re1 Nf5 30. Bc4 Nxd4 31. Qb4 Nb3 32. e6 Qxb2 33. exf7+ Kg7 34. Qxb6 Qc3 35. Qe6 Nd2 36. Bd5 a3 37. Kg2 Qf6 38. Qxe7 Qxe7 39. Rxe7 Nb1 40. Re3 h5 41. Ba2 Rxf7 42. Bxb1 Rb7 43. Be4 Ra7 44. Re1 a2 45. Ra1 Ra3 46. Kf2 Kh6 47. Bf3 Kg5 48. Be4 Kh6 49. Ke2 h4 50. Kf2 hxg3+ 51. hxg3 Kg5 52. Bd5 Ra5 53. Bc4 Ra4 54. Bd3 Ra3 55. Ke2 Kh5 56. g4+ Kg5 57. Kd2 Kxg4 58. Bxg6 Ra7 59. Bc2 Kf3 60. Bb3 Kf2 61. Kc3 Ke3 62. Bxa2 Ra3+ 63. Kb2 Ra4 64. Rh1 Rd4 65. Bb3 Kd2 66. Rh2+ Ke3 67. Kc2 Rf4 68. Kc3 Rf2 69. Rh8 Rf4 70. Bc2 Rf6 71. Re8+ Kf4 72. Bd3 Rc6+ 73. Kd2 Rd6 74. Rf8+ Ke5 75. Ke3 Rh6 76. Rf5+ Ke6 77. Ra5 Rh8 78. Bf5+ Kd6 79. Kd4 Rh1 80. Ra6+ Kc7 81. Be6 Rc1 82. Bc4 Kd7 83. Kc5 Ke7 84. Re6+ Kf8 85. Rg6 Ke7 86. Kd5 Rd1+ 87. Ke5 Re1+ 88. Kf5 Rd1 89. Re6+ Kd7 90. Ra6 Rd6 91. Ra1 Rd4 92. Be6+ Kd6 93. Ra6+ Kc5 94. Ke5 Rd1 95. Ra5+ Kb4 96. Ra8 Re1+ 97. Kd6 Re3 98. Bd5 Ra3 99. Rb8+ Kc3 100. Ke5 Ra5 101. Rb3+ Kc2 102. Rh3 Rb5 103. Kd4 Rb4+ 104. Bc4 Rb2 105. Rg3 Kd2 106. Bb3 Kc1 107. Rc3+ Kd2 108. Rf3 Kc1 109. Bc4 Kd2 110. Rf1 Kc2 111. Rh1 Kd2 112. Bd5 Rb4+ 1/2-1/2

[Event "79.ch-ITA"]
[Site "Padova ITA"]
[Date "2019.11.27"]
[Round "4.6"]
[White "Stella, A."]
[Black "Brunello, Marina"]
[Result "1/2-1/2"]
[WhiteElo "2475"]
[BlackElo "2378"]
[Annotator "Gabriele Ballarin"]
[PlyCount "126"]
[EventDate "2019.11.24"]
[EventType "tourn"]
[EventRounds "11"]
[EventCountry "ITA"]
[EventCategory "9"]
[SourceTitle "The Week in Chess 1308"]
[Source "Mark Crowther"]
[SourceDate "2019.12.02"]
[SourceVersion "1"]
[SourceVersionDate "2019.12.02"]
[SourceQuality "2"]

1. d4 d5 2. c4 c6 3. Nf3 Nf6 4. Nc3 e6 5. Bg5 Nbd7 6. e3 Be7 7. Bd3 O-O 8. O-O dxc4 9. Bxc4 Nd5 10. Bxe7 Qxe7 11. e4 N5b6 12. Bb3 e5 13. Qe2 Re8 14. Rad1 exd4 15. Nxd4 Nf6 16. f3 a5 17. a3 Qc7 18. Qf2 Bd7 19. Ba2 Nc8 20. Rfe1 b5 21. Qg3 Qxg3 22. hxg3 Nb6 23. e5 b4 24. exf6 bxc3 25. bxc3 gxf6 26. Kf2 Na4 27. Ne2 Be6 28. Bxe6 Rxe6 29. Rd4 Nc5 30. Nf4 Rxe1 31. Kxe1 Re8+ 32. Kf2 Ne6 33. Rd6 Nxf4 34. gxf4 Rb8 35. Rxc6 Rb2+ 36. Kg3 Ra2 37. Rxf6 Rxa3 38. Rc6 Ra2 39. f5 Kg7 40. Kh3 Rc2 41. Ra6 Rxc3 42. Rxa5 Rc4 43. g4 h6 44. Ra6 Rf4 45. Kg3 Rb4 46. Ra3 Rc4 47. Re3 Kf6 48. Ra3 Kg7 49. Ra6 Rb4 50. Rd6 Ra4 51. Rd3 Kf6 52. Rb3 Kg7 53. f4 Ra1 54. g5 hxg5 55. fxg5 Rg1+ 56. Kf4 Rf1+ 57. Rf3 Ra1 58. Rf2 Rg1 59. Rh2 Rf1+ 60. Ke4 Rg1 61. Rh5 Re1+ 62. Kf3 Rf1+ 63. Ke4 Re1+ 1/2-1/2

[Event "79.ch-ITA"]
[Site "Padova ITA"]
[Date "2019.11.28"]
[Round "5.2"]
[White "David, Alberto"]
[Black "Stella, A."]
[Result "1-0"]
[WhiteElo "2542"]
[BlackElo "2475"]
[Annotator "Gabriele Ballarin"]
[PlyCount "103"]
[EventDate "2019.11.24"]
[EventType "tourn"]
[EventRounds "11"]
[EventCountry "ITA"]
[EventCategory "9"]
[SourceTitle "The Week in Chess 1308"]
[Source "Mark Crowther"]
[SourceDate "2019.12.02"]
[SourceVersion "1"]
[SourceVersionDate "2019.12.02"]
[SourceQuality "2"]

1. Nf3 c5 2. c4 Nc6 3. d4 cxd4 4. Nxd4 Qb6 5. Nf3 Nf6 6. Nc3 e6 7. e3 Bb4 8. Bd2 O-O 9. Bd3 d5 10. O-O dxc4 11. Bxc4 Be7 12. a3 Bd7 13. b4 a6 14. Qb1 Rac8 15. Bd3 h6 16. h3 Rfd8 17. Rd1 Be8 18. Ne2 Qc7 19. Qb3 Ne5 20. Nxe5 Qxe5 21. Bc3 Qb8 22. Qb2 b5 23. Be5 Qa8 24. Nd4 Rd5 25. f4 Qa7 26. Rac1 Rdd8 27. Kh2 a5 28. Rxc8 Rxc8 29. f5 axb4 30. axb4 Qa4 31. Rb1 Nd5 32. fxe6 f6 33. Nf5 Qxb4 34. Qf2 Qa3 35. Qg3 g6 36. Bxb5 Kh7 37. Bd7 fxe5 38. Nxe7 Nxe7 39. Bxc8 Nxc8 40. Rb7+ Kg8 41. Rd7 Qa5 42. Qh4 e4 43. Qf6 Bxd7 44. Qxg6+ Kh8 45. Qxh6+ Kg8 46. Qg6+ Kh8 47. Qf6+ Kg8 48. Qf7+ Kh8 49. exd7 Qc7+ 50. Kg1 Qc1+ 51. Qf1 Qxe3+ 52. Kh1 1-0

[Event "79.ch-ITA"]
[Site "Padova ITA"]
[Date "2019.11.28"]
[Round "5.3"]
[White "Lodici, Lorenzo"]
[Black "Bellia, Fabrizio"]
[Result "1-0"]
[WhiteElo "2459"]
[BlackElo "2433"]
[Annotator "Gabriele Ballarin"]
[PlyCount "67"]
[EventDate "2019.11.24"]
[EventType "tourn"]
[EventRounds "11"]
[EventCountry "ITA"]
[EventCategory "9"]
[SourceTitle "The Week in Chess 1308"]
[Source "Mark Crowther"]
[SourceDate "2019.12.02"]
[SourceVersion "1"]
[SourceVersionDate "2019.12.02"]
[SourceQuality "2"]

1. d4 Nf6 2. c4 e6 3. Nc3 Bb4 4. f3 d5 5. a3 Bxc3+ 6. bxc3 O-O 7. cxd5 exd5 8. e3 Nh5 9. Ne2 Re8 10. g3 Nc6 11. Bg2 f5 12. O-O Nf6 13. c4 dxc4 14. Qc2 Be6 15. Rb1 Rb8 16. Nf4 Qd7 17. Bh3 g6 18. Bb2 Bf7 19. Rbd1 Rxe3 20. d5 Nxd5 21. Rxd5 Bxd5 22. Rd1 Ne7 23. Nxd5 Nxd5 24. Qxc4 Qe6 25. Rxd5 Re8 26. Bf1 Re1 27. Qc3 Qe3+ 28. Qxe3 R1xe3 29. Bc4 Kf8 30. Kf2 c6 31. Rd6 R8e7 32. Bd4 Rxa3 33. Rd8+ Re8 34. Bc5+ 1-0

[Event "79.ch-ITA"]
[Site "Padova ITA"]
[Date "2019.11.28"]
[Round "5.4"]
[White "Basso, Pier Luigi"]
[Black "Barp, Alberto"]
[Result "1-0"]
[WhiteElo "2563"]
[BlackElo "2382"]
[Annotator "Gabriele Ballarin"]
[PlyCount "95"]
[EventDate "2019.11.24"]
[EventType "tourn"]
[EventRounds "11"]
[EventCountry "ITA"]
[EventCategory "9"]
[SourceTitle "The Week in Chess 1308"]
[Source "Mark Crowther"]
[SourceDate "2019.12.02"]
[SourceVersion "1"]
[SourceVersionDate "2019.12.02"]
[SourceQuality "2"]

1. d4 d5 2. c4 e6 3. Nf3 Nf6 4. Nc3 Bb4 5. cxd5 exd5 6. Bg5 h6 7. Bh4 O-O 8. e3 Bf5 9. Be2 Nbd7 10. Qb3 Bxc3+ 11. Qxc3 c6 12. Nd2 Ne4 13. Bxd8 Nxc3 14. bxc3 Rfxd8 15. a4 c5 16. Nf1 Rac8 17. Ng3 Bh7 18. Kd2 Nf6 19. a5 Rc7 20. Ra2 Ne8 21. Bf3 cxd4 22. exd4 Nd6 23. Be2 Rdc8 24. Rc1 g5 25. f3 Re7 26. Bf1 Bg6 27. Raa1 Rce8 28. Nh1 Kg7 29. Nf2 f6 30. Re1 Rxe1 31. Rxe1 Rxe1 32. Kxe1 Kf7 33. Ng4 h5 34. Ne3 Ke6 35. g3 Bf7 36. Kd2 Kd7 37. Kc2 Be6 38. Bd3 Bf7 39. h4 Ke6 40. Kb3 b6 41. Kb4 Kd7 42. axb6 axb6 43. Bb1 Kc6 44. Bc2 Kc7 45. Bb3 Kc6 46. Bd1 Bg6 47. Ba4+ Kc7 48. Nxd5+ 1-0

[Event "79.ch-ITA"]
[Site "Padova ITA"]
[Date "2019.11.28"]
[Round "5.5"]
[White "Gilevych, Artem"]
[Black "Di Benedetto, Edoardo"]
[Result "0-1"]
[WhiteElo "2437"]
[BlackElo "2396"]
[Annotator "Gabriele Ballarin"]
[PlyCount "90"]
[EventDate "2019.11.24"]
[EventType "tourn"]
[EventRounds "11"]
[EventCountry "ITA"]
[EventCategory "9"]
[SourceTitle "The Week in Chess 1308"]
[Source "Mark Crowther"]
[SourceDate "2019.12.02"]
[SourceVersion "1"]
[SourceVersionDate "2019.12.02"]
[SourceQuality "2"]

1. e4 e6 2. d4 d5 3. Nc3 Nf6 4. Bg5 Bb4 5. e5 h6 6. Bd2 Bxc3 7. bxc3 Ne4 8. Bc1 Nxc3 9. Qg4 g6 10. Bd3 c5 11. dxc5 Qc7 12. Ne2 Nxe2 13. Qxe2 Nd7 14. O-O Nxc5 15. Qf3 b6 16. Qf6 Rh7 17. Ba3 Qe7 18. Bb5+ Bd7 19. Bxd7+ Kxd7 20. Qf4 Rd8 21. c4 Ke8 22. Rfd1 g5 23. Qg4 f5 24. exf6 Qxf6 25. Re1 Re7 26. cxd5 Rxd5 27. Qh5+ Kf8 28. Rab1 Kg7 29. Qe2 Qf5 30. Qc4 Rf7 31. Bb2+ Kg6 32. Rf1 Rd2 33. Bd4 Qd5 34. Rb4 Rf4 35. Qxd5 exd5 36. Bxc5 bxc5 37. Rb5 c4 38. Rc5 Rf6 39. a4 a6 40. g3 g4 41. Rb1 Rfxf2 42. Rxd5 c3 43. Rd6+ Rf6 44. Rxd2 cxd2 45. a5 Rc6 0-1

[Event "79.ch-ITA"]
[Site "Padova ITA"]
[Date "2019.11.29"]
[Round "6.5"]
[White "Stella, A."]
[Black "Lodici, Lorenzo"]
[Result "1/2-1/2"]
[WhiteElo "2475"]
[BlackElo "2459"]
[Annotator "Gabriele Ballarin"]
[PlyCount "74"]
[EventDate "2019.11.24"]
[EventType "tourn"]
[EventRounds "11"]
[EventCountry "ITA"]
[EventCategory "9"]
[SourceTitle "The Week in Chess 1308"]
[Source "Mark Crowther"]
[SourceDate "2019.12.02"]
[SourceVersion "1"]
[SourceVersionDate "2019.12.02"]
[SourceQuality "2"]

1. d4 Nf6 2. c4 e6 3. Nf3 d5 4. Nc3 dxc4 5. e4 Bb4 6. Bg5 h6 7. Bxf6 Qxf6 8. Bxc4 c5 9. O-O O-O 10. e5 Qd8 11. Ne4 cxd4 12. Qe2 Be7 13. Rad1 Qc7 14. Ng3 Rd8 15. Bd3 Nd7 16. Qe4 Nf8 17. Rc1 Qa5 18. Nh5 Bd7 19. Qg4 g6 20. Nf4 Bc6 21. Bxg6 Bxf3 22. Bxf7+ Kxf7 23. Qxf3 Qxe5 24. Nxe6+ Qf6 25. Nxd8+ Rxd8 26. Qxb7 Ne6 27. Qxa7 d3 28. Qe3 d2 29. Rcd1 Bc5 30. Qe2 Qg5 31. Kh1 Nf4 32. Qf3 Rd3 33. Qb7+ Be7 34. Qe4 Rd4 35. Qf3 Bf6 36. b4 Nd3 37. b5 Ne1 1/2-1/2

[Event "79.ch-ITA"]
[Site "Padova ITA"]
[Date "2019.11.29"]
[Round "6.6"]
[White "Brunello, Marina"]
[Black "David, Alberto"]
[Result "1/2-1/2"]
[WhiteElo "2378"]
[BlackElo "2542"]
[Annotator "Gabriele Ballarin"]
[PlyCount "56"]
[EventDate "2019.11.24"]
[EventType "tourn"]
[EventRounds "11"]
[EventCountry "ITA"]
[EventCategory "9"]
[SourceTitle "The Week in Chess 1308"]
[Source "Mark Crowther"]
[SourceDate "2019.12.02"]
[SourceVersion "1"]
[SourceVersionDate "2019.12.02"]
[SourceQuality "2"]

1. e4 e6 2. d4 d5 3. e5 c5 4. c3 Nc6 5. Nf3 Bd7 6. Be2 f6 7. O-O fxe5 8. Nxe5 Nxe5 9. dxe5 Qc7 10. Re1 O-O-O 11. c4 d4 12. Bf3 Ne7 13. Bf4 Nf5 14. Na3 a6 15. Nc2 Be7 16. h3 g5 17. Bh2 h5 18. Bxh5 d3 19. Ne3 d2 20. Rf1 Nd4 21. Bg4 Bc6 22. Kh1 Kb8 23. f3 Qb6 24. Rf2 Qxb2 25. Rxd2 Qc3 26. Rd3 Qb2 27. Rd2 Qc3 28. Rd3 Qb2 1/2-1/2